000 00281nam a22000977a 4500
999 _c508447
_d508447
082 _aY15x5451
100 _aAndhra Pradesh. Board of Revenue
_93777
245 _aRedistribution of land in Hyderabad
_cby Board of Revenue
260 _aHyderabad
_bGovernment Press
_c1956
300 _a72p.